choose the right country #2 - Statistics

General Stats
  • This quiz has been taken 74 times
  • The average score is 8 of 9
Answer Stats
Hint Answer % Correct
This country is often a big exporter. It produces mostly plastic things and much things were invented in this country, like ceramic, Temu, etc. The biggest empire ever formed was the Qing Dynasty. China
100%
This country is known for the Eiffel tower, the CROISS- uhh, i meant croissant, the Louvre, Versailles, Louis XIV and much, much more. this one was easy. France
96%
This country lays in North America and is mostly known for Burgers, Fries, old presidents (not offensive meaning) and racism. Know it? United States of America
95%
This country starts with Saint. it is split into 2 islands, near Canada and the U.S. The National language is french, as the first french empire colonised this unknown country. The names of one of the island is Mi_ _ _ _ _ _. Saint Pierre and Miquelon
93%
_ _ _ _ _ _ is an european country with the economy of Zloty. its language is _ _ _ ish. Its capital is Warsaw and a famous - earlier independent - city is Danzig. Know it? Poland
89%
This country‘s border wasn‘t changed since 1287, being the longest unchanged country in the world. Its only neighbours are France and Spain. this country maybe also has Catalonia as a neighbour, but Its not recognised as an independent country. The meaned country is landlocked Andorra
87%
This Country is not really recognised by countries. It lays on an Island and was created by Turkey, which is the only country which recognises this. So that no war will happen, the UN made a Bufferzone between this recognised country and the not-recognised country. Northern Cyprus
85%
The same with this half-recognised country. Most people would say, it belongs to Denmark, but same like the Faroe Islands, They want to be independent and are nearly. The language mistake is, that everything here is Ice, but the viking empire just invaded the green part of this island, that can name itself North american, because it is not even 100 km away from Canada Greenland
80%
The capital of this island is over 2000 km northwest away from the capital of brussels. But not even 1000 km away from greenland. most of this island is icecold, but most part is green. the vikings made a language mistake in this land. Iceland
75%
No matching quizzes found
Score Distribution
Percent of People with Each Score
Percentile by Number Answered
Your Score History
You have not taken this quiz